Statistics for Субъекты Российской Федерации с картой - спринт версия

Click here to take the quiz!

General Stats

  • This quiz has been taken 1 107 times
  • The average score is 23 of 85

Answers on the Map

Answers color-coded by a green-red scale on the quiz's map according to % correct below.
 

Answer Stats

субъект% Correct
Московская область
90%
Москва
88%
Саха (Якутия)
69%
Санкт-Петербург
65%
Крым
64%
Краснодарский край
60%
Красноярский край
53%
Мурманская область
53%
Калининградская область
51%
Ленинградская область
49%
Дагестан
46%
Чечня
46%
Карелия
43%
Камчатский край
42%
Севастополь
41%
Сахалинская область
39%
Татарстан
37%
Архангельская область
35%
Ростовская область
34%
Омская область
34%
Алтай
32%
Алтайский край
32%
Хабаровский край
31%
Новосибирская область
29%
Чукотский АО
29%
Воронежская область
29%
Коми
28%
Астраханская область
27%
Иркутская область
27%
Волгоградская область
27%
Белгородская область
27%
Приморский край
26%
Магаданская область
25%
Адыгея
25%
Пермский край
25%
Томская область
24%
Тульская область
24%
Брянская область
24%
Псковская область
24%
Бурятия
24%
Смоленская область
24%
Тверская область
24%
Курская область
23%
Новгородская область
23%
Оренбургская область
22%
Челябинская область
22%
Еврейская АО
22%
Свердловская область
22%
Саратовская область
22%
Самарская область
22%
Башкортостан
22%
Тюменская область
21%
Тыва
21%
Ненецкий АО
21%
Ямало-Ненецкий АО
21%
Ингушетия
20%
Орловская область
20%
Забайкальский край
19%
Вологодская область
19%
Амурская область
18%
Нижегородская область
18%
Владимирская область
18%
Кемеровская область
17%
Ханты-Мансийский АО
17%
Рязанская область
16%
Удмуртия
16%
Липецкая область
16%
Калмыкия
16%
Ярославская область
16%
Калужская область
16%
Кировская область
15%
Курганская область
14%
Хакасия
14%
Ставропольский край
14%
Северная Осетия — Алания
14%
Чувашия
13%
Кабардино-Балкария
13%
Ивановская область
13%
Тамбовская область
12%
Пензенская область
12%
Марий Эл
12%
Костромская область
11%
Мордовия
10%
Карачаево-Черкесия
8%
Ульяновская область
7%

Score Distribution

Percentile by Number Answered

Percent of People with Each Score

Your Score History

You have not taken this quiz